[Event "Vienna op-B 14th"]
[Site "Vienna"]
[Date "2003.08.24"]
[Round "9"]
[White "Vokroj, Gabriela"]
[Black "Dragschitz, Oliver"]
[Result "1-0"]
[WhiteElo "1815"]
[BlackElo "1776"]
[PlyCount "49"]
[EventDate "2003.08.16"]
[EventType "swiss"]
[EventRounds "9"]
[EventCountry "AUT"]
[SourceTitle "CBM 095 Extra"]
[Source "ChessBase"]
[SourceDate "2003.09.04"]
[SourceVersion "1"]
[SourceVersionDate "2003.09.04"]
[SourceQuality "1"]

1. Nf3 d5 2. d3 Nf6 3. Nbd2 Bf5 4. g3 c5 5. Bg2 Nc6 6. Nh4 Qd7 7. Nxf5 Qxf5 8. e4 Qe6 9. 0-0 d4 10. a4 h5 11. h3 g5 12. Nc4 g4 13. h4 Ne5 14. Nxe5 Qxe5 15. Bf4 Qe6 16. Qd2 a5 17. c3 Nd7 18. cxd4 cxd4 19. Rfc1 b6 20. e5 Rb8 21. Rc6 Qb3 22. Rac1 e6 23. Bg5 Nc5 24. Rc7 Qxd3 25. Bc6+ 1-0